Labor divided : Austerity and working - class politics in contemporary Italy

Bewaard in:
Bibliografische gegevens
Hoofdauteur: Golden, Miriam
Formaat: Boek
Taal:Undetermined
Gepubliceerd in: London Cornell University Press 1988
Onderwerpen:
Tags: Voeg label toe
Geen labels, Wees de eerste die dit record labelt!
Thư viện lưu trữ: Trung tâm Học liệu Trường Đại học Cần Thơ
LEADER 00616nam a2200205Ia 4500
001 CTU_68857
008 210402s9999 xx 000 0 und d
082 |a 322.2 
082 |b G618 
100 |a Golden, Miriam 
245 0 |a Labor divided : 
245 0 |b Austerity and working - class politics in contemporary Italy 
245 0 |c Miriam Golden 
260 |a London 
260 |b Cornell University Press 
260 |c 1988 
650 |a Labor unions,Labor unions and communism,Labor policy 
650 |x History,History,History 
904 |i Bằng 
980 |a Trung tâm Học liệu Trường Đại học Cần Thơ